<?xml version="1.0" encoding="UTF-8"?>
<collection xmlns:xsi="http://www.w3.org/2001/XMLSchema-instance" xsi:schemaLocation="http://www.loc.gov/MARC21/slim http://www.loc.gov/standards/marcxml/schema/MARC21slim.xsd" xmlns="http://www.loc.gov/MARC21/slim">
 <record>
  <leader>00000nam a22000004i 4500</leader>
  <controlfield tag="001">UP-1685954869149708373</controlfield>
  <controlfield tag="003">Buklod</controlfield>
  <controlfield tag="005">20240304121707.0</controlfield>
  <controlfield tag="006">m    |o  d |      </controlfield>
  <controlfield tag="007">ta</controlfield>
  <controlfield tag="008">240304t20242018xx      r    |||| u|eng c</controlfield>
  <datafield tag="020" ind1=" " ind2=" ">
   <subfield code="a">9780357722718 (hbk.)</subfield>
  </datafield>
  <datafield tag="035" ind1=" " ind2=" ">
   <subfield code="a">(Buklod)UP-99796217612770370</subfield>
  </datafield>
  <datafield tag="037" ind1=" " ind2=" ">
   <subfield code="a">Econ-34614</subfield>
  </datafield>
  <datafield tag="040" ind1=" " ind2=" ">
   <subfield code="a">DECON</subfield>
   <subfield code="e">rda</subfield>
  </datafield>
  <datafield tag="041" ind1=" " ind2=" ">
   <subfield code="a">eng</subfield>
  </datafield>
  <datafield tag="090" ind1=" " ind2=" ">
   <subfield code="a">HB 171.5</subfield>
   <subfield code="b">M26556 2024</subfield>
  </datafield>
  <datafield tag="100" ind1="1" ind2=" ">
   <subfield code="a">Mankiw, N. Gregory</subfield>
   <subfield code="e">author.</subfield>
  </datafield>
  <datafield tag="245" ind1="1" ind2="0">
   <subfield code="a">Principles of economics</subfield>
   <subfield code="c">N. Gregory Mankiw.</subfield>
  </datafield>
  <datafield tag="250" ind1=" " ind2=" ">
   <subfield code="a">Tenth edition.</subfield>
  </datafield>
  <datafield tag="264" ind1=" " ind2="1">
   <subfield code="a">Boston, MA, USA</subfield>
   <subfield code="b">Cengage Learning</subfield>
   <subfield code="c">2024.</subfield>
  </datafield>
  <datafield tag="300" ind1=" " ind2=" ">
   <subfield code="a">xxix, 863 pages</subfield>
   <subfield code="b">illustrations (chiefly color)</subfield>
   <subfield code="c">26 cm</subfield>
  </datafield>
  <datafield tag="336" ind1=" " ind2=" ">
   <subfield code="a">text</subfield>
   <subfield code="2">rdacontent</subfield>
   <subfield code="b">txt</subfield>
  </datafield>
  <datafield tag="337" ind1=" " ind2=" ">
   <subfield code="a">unmediated</subfield>
   <subfield code="2">rdamedia</subfield>
   <subfield code="b">n</subfield>
  </datafield>
  <datafield tag="338" ind1=" " ind2=" ">
   <subfield code="a">volume</subfield>
   <subfield code="2">rdacarrier</subfield>
   <subfield code="b">nc</subfield>
  </datafield>
  <datafield tag="500" ind1=" " ind2=" ">
   <subfield code="a">Includes index.</subfield>
  </datafield>
  <datafield tag="505" ind1="0" ind2=" ">
   <subfield code="a">Brief contents : Introduction -- How markets work -- Markets and welfare -- The economics of the public sector -- Firm behavior and the organization of industry -- The economics of labor markets -- Topics for further study -- The data of macroeconomics -- The real economy in the long run -- Money and prices in the long run -- The macroeconomics of open economies -- Short-run economic fluctuations -- Final thoughts.</subfield>
  </datafield>
  <datafield tag="505" ind1="0" ind2="0">
   <subfield code="a">Chapter 1: Ten principles of economics - - Chapter 2: Thinking like an economist - - Chapter 3: Interdependence and the gains from trade - - Chapter 4: The market forces of supply and demand - - Chapter 5: Elasticity and its application - - Chapter 6: Supply, demand, and government policies - - Chapter 7: Consumers, producers, and the efficiency of markets - - Chapter 8: Application: the costs of taxation - - Chapter 11: Public goods and common resources - - Chapter 12: The economics of healthcare - - Chapter 13: The design of the tax system - - Chapter 14: The costs of production - - Chapter 15: Firms in competitive markets - - Chapter 16: Monopoly - - Chapter 17: Monopolistic competition - - Chapter 18: Oligopoly - - Chapter 19: The markets for the factors production - - Chapter 20: Earnings and discrimination - - Chapter 21: Income inequality and poverty - - Chapter 22: The theory of consumer choice - - Chapter 23: Frontiers of microeconomics - - Chapter 24: Measuring a nation's income - - Chapter 25: Measuring the cost of living - - Chapter 26: Production and growth - - Chapter 27: Saving, investments, and the financial system - - Chapter 28:The basic tools of finance - - Chapter 29: Unemployment - - Chapter 30: The monetary system - - Chapter 31: Money growth and inflation - - Chapter 32: Open-economy macroeconomics: basic concepts - - Chapter 33: A macroeconomic theory of the open economy - - Chapter 34: Aggregate demand and aggregate supply - - Chapter 35: The influence of monetary and fiscal policy on aggregate demand - - Chapter 36: the short-run trade-off between inflation and unemployment - - Chapter 37: Six debates over macroeconomic policy - - Chapter 38: Appendix: how economists use data</subfield>
  </datafield>
  <datafield tag="650" ind1=" " ind2="0">
   <subfield code="a">Economics</subfield>
   <subfield code="v">Textbooks.</subfield>
  </datafield>
  <datafield tag="650" ind1="1" ind2="0">
   <subfield code="a">Economics.</subfield>
  </datafield>
  <datafield tag="842" ind1=" " ind2=" ">
   <subfield code="a">Book</subfield>
  </datafield>
  <datafield tag="905" ind1=" " ind2=" ">
   <subfield code="a">FO</subfield>
  </datafield>
  <datafield tag="852" ind1="0" ind2=" ">
   <subfield code="a">UPD</subfield>
   <subfield code="b">DECON</subfield>
   <subfield code="h">HB 171.5</subfield>
   <subfield code="i">M26556 2024</subfield>
  </datafield>
  <datafield tag="942" ind1=" " ind2=" ">
   <subfield code="a">Book</subfield>
  </datafield>
 </record>
</collection>
